Textbook of Child Health Nursing (Record no. 1863)

MARC details
000 -LEADER
Fixed length control field 00554nam a2200217 4500
003 - CONTROL NUMBER IDENTIFIER
Control field IIN
005 - DATE AND TIME OF LATEST TRANSACTION
Control field 20250722115339.0
008 - FIXED-LENGTH DATA ELEMENTS--GENERAL INFORMATION
Fixed length control field 250722s2023 |||ad||| |||| 001 0 eng d
020 ## - INTERNATIONAL STANDARD BOOK NUMBER / ISBN
International Standard Book Number 9789390595594
Price 1495.00
040 ## - CATALOGING SOURCE
Original cataloging agency IIN
082 ## - DEWEY DECIMAL CLASSIFICATION NUMBER
Classification number 610.73
Book Number PAD
100 ## - MAIN ENTRY--PERSONAL NAME
Personal name Padmaja, A
245 ## - TITLE STATEMENT
Title Textbook of Child Health Nursing
Statement of responsibility A Padmaja
250 ## - EDITION STATEMENT
Edition statement 2nd ed.
260 ## - IMPRINT
Place of publication New Delhi
Name of publisher Jaypee
Date of publication 2023
300 ## - PHYSICAL DESCRIPTION
Page / Vol. No xxvii, 718 p.
Other physical details col. ill.
500 ## - GENERAL NOTE
General note Includes Index
500 ## - GENERAL NOTE
General note Includes 3 Plates
650 ## - SUBJECT ADDED ENTRY--TOPICAL TERM
Topical term Child Health
Form subdivision Nursing
942 ## - ADDED ENTRY ELEMENTS (KOHA)
Koha item type Books
Holdings
Withdrawn status Lost status Source of classification Damaged status Not for loan Collection code Home library Current library Shelving location Date acquired Price Total Checkouts Call number Accession number Date last seen Date checked out Price effective from Koha item type
    Dewey Decimal Classification     Purches Book IDEAL INSTITUTE OF NURSING IDEAL INSTITUTE OF NURSING General Stacks 21/04/2025 1495.00 2 610.73 PAD 2112 08/11/2025 31/10/2025 22/07/2025 Books
© Ideal Institute Of Nursing, All rights reserved.         Powered by Koha